000 00764nam a2200253Ia 4500
003 OSt
005 20221005091258.0
006 a|||||r|||| 00| 0
007 ta
008 221004b |||||||| |||| 00| 0 eng d
020 _a0333913094 (pbk)
_c2007.16
024 _a114036
037 _bOD00515143347FF, 26/12/2011, W S Retail Services Pvt. Ltd.
_cTextual
040 _aCRL
_cCRL
_beng
041 _2eng
_aeng
082 _aR694,4, P1
100 _aKeown Damien
245 0 _aNature of buddhist ethics
260 _aNew York
_bPalgrave
_c2001
300 _axi,269p.
_ccm.
650 _aPHILOSOPHY
942 _hR694,4, P1
_cTEXL
_2cc
999 _c997046
_d997046